00576nam a2200157Ia 4500008004100000020002200041100002000063245007300083250001200156260005300168300002500221500001900246650001600265999001900281952011800300200903s9999 xx 000 0 und d a978-981-48-4618-9 aZill, Dennis G. cDennis G. ZillaDifferential equations with boundary-value problems/ a9th ed. aSingapore:bCengage Learning Asia Pte Ltd.c2019 ax, 559 pagesc25 cm. aIncludes index aMathematics c364049d364049 001040aCLbCLcRESd2020-09-03eLibrary Fundl0oQA 39.3 S677 2019pC22183r2020-09-03 00:00:00w2020-09-03yBK